01329nam a2200265 i 450000100060000000300090000600500170001500700030003200800410003511000510007624501830012724600490031024600410035926000350040030000450043559400780048059700620055859701490062065000480076965100370081770000340085485200370088899900170092595201210094242415ES-MaACL20230906160615.0t|030320s1923 sp ao |||| | spa d2 aCompañía Trasatlántica Española.9312510aLibro de información, 1923 : btarifas e itinerarios . Bosquejo histórico de la Marina española [por Francisco Condeminas Mascaró] . Relación de industrias españolas.3 aBosquejo histórico de la Marina Española3 aRelación de industrias españolas aBarcelona : b[Apolo], c1923. a226, CL p. : bil., fot. ; c18 x 25 cm. aPrecede al tít.: Compañía Trasatlántica (antes A. López y C.ª) aLa obra de F. Condeminas con port. y paginación propia. aLa "Relación de industrias españolas" contiene numerosos anuncios il. a color, acompañados de un Índice general de industria y comercio. 4aTransportes marítimos-zEspaña.9141606 4aEspaña-xHistoria naval.983751 aCondeminas, Francisco.940137 aES-MaACLjF-6936 z- Enc. cart. c42415d42415 00104070aATENEOMbATENEOMcDEPO2d2008-01-17eSCl0oF-6936p1044633r2023-02-23 00:00:00w2023-02-23yMONOGRAFIA